000 01066nam a22002537a 4500
003 BD-DhSAU
005 20181202151544.0
008 160731b2016 bg ||||| |||| 001 0 eng d
040 _aBD-DhSAU
082 _222
_a310
_bR1293
100 _a Rahman , Md. Habibur
_eRegistration # 09-03573
245 _a Credit management policy & performance analysis of Janata Bank Limited /
_bMS Thesis
_c Rahman , Md. Habibur
260 _aSher-e-Bangla Agricultural Uniersity :
_bDepartment of Agricultural Statistics
_c2016
300 _avi, 44p. :
_bill. ;
_c30 cm.
500 _aMS thesis of Department of Agricultural Statistics ,Faculty of Agribusiness Management, Sher-e-Bangla Agricultural University, Dhaka, Bangladesh
590 _aShofi
650 _aAgricultural Statistics
650 _aCredit management policy
650 _a Performance analysis
650 _a Janata Bank Limited
700 _a Hossain , Md. Zakir
_eSupervisor
856 _uhttp://archive.saulibrary.edu.bd:8080/xmlui/handle/123456789/1869
_yOnline Access
942 _2ddc
_cTHESIS
999 _c14298
_d14297